Movimiento obrero en Jalisco : periodo 1925-1930 /

Na minha lista:
Detalhes bibliográficos
Autor principal: Gutiérrez Zermeño, Rodolfo (autor)
Formato: Livro
Idioma:espanhol
Publicado em: Guadalajara, México : Gobierno del Estado de Jalisco, 1985, c1985
Tags: Adicionar Tag
Sem tags, seja o primeiro a adicionar uma tag!

MARC

LEADER 00000nam^a2200000^a^4500
001 000618932
005 20250815000000.0
009 20260310133810.818
020 |a 968-832-201-6 
037 |a Acervo ITESO - Biblioteca 
041 |a ESP 
091 |a FOB. 00760 
100 |a Gutiérrez Zermeño, Rodolfo  |e (autor) 
245 1 0 |a Movimiento obrero en Jalisco :  |b periodo 1925-1930 / 
264 4 |a Guadalajara, México :  |b Gobierno del Estado de Jalisco,  |c 1985, c1985 
300 |a 64 p. 
336 |a texto  |b txt  |2 rdacontenido 
337 |a sin mediación  |b n  |2 rdamedio 
338 |a volumen  |b nc  |2 rdasoporte 
649 |a XX 
910 |a Fondo Carlos de Obeso Orendain 
920 |a Impresos - Libros 
930 |a Fondos Especiales 
905 |a 147 
901 |a 618932-10  |b IT2  |c ESP  |i D84270  |u 20250815 
902 |a https://opac.biblio.iteso.mx/vufind/Record/000618932